| 000 | 00988nam a22002057a 4500 | ||
|---|---|---|---|
| 005 | 20120702145818.0 | ||
| 020 |
_c195..00 _a9788174820983 |
||
| 100 |
_aजैन, बी.बी. _949826 |
||
| 245 |
_aउपकार इंगलिश स्पीकिंग कोर्स; _cबी.बी.जैन _b(हिन्दी-अंग्रेजी शब्दावली सहित)/ |
||
| 250 | _aसंशो.एवं परि.संस्क. | ||
| 260 |
_aआगरा _bउपकार प्रकाशन _cव.अ. |
||
| 270 |
_a2/11 ए, स्वदेशी बीमा नगर(शाह सिनेमा के सामने) _e282002 _k2530966 _bआगरा |
||
| 300 |
_a392 पृ. _c24सेंमीं (अजिल्द) |
||
| 490 |
_a _949827 |
||
| 700 | _949816 | ||
| 710 | _949817 | ||
| 942 |
_2ddc _cHN _mजैनबी |
||
| 999 |
_c68303 _d68303 |
||